002190000a220007300045001000033000002450041000333000048000747730023001221 aLima Silva, Silvia Regina de10aQue canten las niñas y los niños aVol. 17, Num 1 (Junio, 1997), Páginas 3-40 tVida y pensamiento